Insan yang kembali

Bibliographic Details
Main Author: Shailey Azizah
Format: Book
Published: Petaling Jaya : Pustaka Angsana , 2001
Series:Siri cerpen motivasi remaja
Subjects:

MARC

LEADER 00000cam a2200000 7i4500
001 0000046857
005 20150408.0
008 08042015
020 |a 9789830211703 
020 |a 9830211703 
090 0 0 |a 899.2333   |b SHA 
100 1 |a Shailey Azizah 
245 1 0 |a Insan yang kembali   |c Shailey Azizah 
260 |a Petaling Jaya :   |b Pustaka Angsana ,   |c 2001 
440 |a Siri cerpen motivasi remaja 
650 0 |a Malay fiction 
999 |a 0000875944   |b Book   |c Adult Collection   |e Cawangan Segamat 
999 |a 0000875949   |b Book   |c Adult Collection   |e Cawangan Muar 
999 |a 0000875951   |b Book   |c Teenagers   |e Cawangan Bandar Penawar 
999 |a 0000875952   |b Book   |c Adult Collection   |e Cawangan Tmn. Ungku Tun Aminah 
999 |a 0000875953   |b Book   |c Teenagers   |e Cawangan Mersing